| 000 | 00897pam a2200181 a 4500 | ||
|---|---|---|---|
| 020 | _a087262613X (pbk.) | ||
| 082 | 0 | 0 |
_a624.25 _bBRI _cL-39, P-186 |
| 245 | 1 | 0 |
_aBridges and transmission line structures : _bproceedings of the sessions at Structures Congress '87 related to bridges and transmission line structures : Hyatt Orlando Hotel, Orlando, Florida, August 17-20, 1987 / _csponsored by the Structural Division of the American Society of Civil Engineers ; edited by Lambert Tall. |
| 260 |
_aNew York, N.Y. : _bThe Society, _cc1987. |
||
| 300 |
_aix, 501 p. : _bill. ; _c22 cm. |
||
| 526 |
_a0 _b0 _c0 _d624_250000000000000_BRI |
||
| 650 | 0 |
_aBridges _xDesign and construction _9801 |
|
| 650 | 0 |
_aElectric lines _xPoles and towers _xDesign and construction _946664 |
|
| 650 | 0 |
_aMCE _9379 |
|
| 700 | 1 |
_aTall, Lambert. _946779 |
|
| 710 | 2 |
_aAmerican Society of Civil Engineers. _9702 |
|
| 942 |
_2ddc _cBK |
||
| 999 |
_c550010 _d550010 |
||